[Event "It"]
[Site "Reggio Emilia ITA"]
[Date "2000.12.30"]
[Round "1"]
[White "Naumkin,I"]
[Black "Drei,A"]
[Result "1/2-1/2"]
[WhiteElo "2440"]
[BlackElo "2350"]
[EventDate "2000.12.30"]

1. d4 Nf6 2. Nf3 e6 3. c4 b6 4. g3 Bb7 5. Bg2 Be7 6. Nc3 Ne4 7. Bd2 f5 8.
d5 Bf6 9. Qc2 Qe7 10. Rd1 Na6 11. Nxe4 fxe4 12. Qxe4 exd5 13. Qxe7+ Kxe7
14. Nh4 Bxb2 15. cxd5 d6 16. O-O Rae8 17. Nf5+ Kf7 18. Be3 Bf6 19. Rd2
1/2-1/2

[Event "It"]
[Site "Reggio Emilia ITA"]
[Date "2000.12.30"]
[Round "1"]
[White "Iotti,P"]
[Black "Tomescu,V"]
[Result "1/2-1/2"]
[WhiteElo "2294"]
[BlackElo "2432"]
[EventDate "2000.12.30"]

1. d4 b5 2. e4 Bb7 3. Bd3 e6 4. Qe2 a6 5. Nf3 c5 6. c3 d6 7. O-O Nd7 8. Bf4
Ngf6 9. h3 Qc7 10. a4 c4 11. Bc2 Be7 12. Nbd2 e5 13. Be3 O-O 14. Ra2 Rfe8
15. Rfa1 Bf8 16. d5 1/2-1/2

[Event "It"]
[Site "Reggio Emilia ITA"]
[Date "2000.12.30"]
[Round "1"]
[White "Romanishin,O"]
[Black "Zaja,I"]
[Result "1/2-1/2"]
[WhiteElo "2591"]
[BlackElo "2513"]
[EventDate "2000.12.30"]

1. d4 Nf6 2. Nf3 d5 3. c4 c6 4. e3 Bf5 5. Bd3 Bxd3 6. Qxd3 e6 7. O-O Nbd7
8. Nc3 Bb4 9. a3 Bxc3 10. Qxc3 Ne4 11. Qc2 a5 12. b3 O-O 13. a4 f5 14. Ne1
Qh4 15. f3 Nef6 16. Nd3 g5 17. Ba3 Rf7 18. Bd6 g4 19. Bg3 Qh6 20. Bf4 Qg7
21. Ne5 Nxe5 22. Bxe5 Qg5 23. Bf4 Qg6 24. fxg4 fxg4 25. Qxg6+ hxg6 26. Be5
Raf8 27. Bxf6 Rxf6 28. Rxf6 1/2-1/2

[Event "It"]
[Site "Reggio Emilia ITA"]
[Date "2000.12.30"]
[Round "1"]
[White "Vezzosi,P"]
[Black "Bellini,F"]
[Result "1/2-1/2"]
[WhiteElo "2421"]
[BlackElo "2484"]
[EventDate "2000.12.30"]

1. c4 e6 2. Nc3 d5 3. d4 a6 4. cxd5 exd5 5. Bf4 Nc6 6. e3 Bb4 7. Bd3 Nge7
8. Qh5 g6 9. Qh4 Bf5 10. Be2 Qd7 11. Nf3 O-O-O 12. Rc1 Be6 13. Bd3 Bf5
1/2-1/2

[Event "It"]
[Site "Reggio Emilia ITA"]
[Date "2000.12.31"]
[Round "2"]
[White "Drei,A"]
[Black "Costantini,R"]
[Result "1-0"]
[WhiteElo "2350"]
[BlackElo "2233"]
[EventDate "2000.12.30"]

1. e4 c5 2. Nf3 d6 3. c3 Nf6 4. Be2 Bd7 5. d3 Bc6 6. O-O Nbd7 7. Nbd2 g6 8.
d4 Bxe4 9. Nxe4 Nxe4 10. Re1 Nef6 11. dxc5 dxc5 12. Bc4 e6 13. Qb3 Be7 14.
Bxe6 O-O 15. Bc4 Nb6 16. Bh6 Nxc4 17. Bxf8 Bxf8 18. Qxc4 Qc7 19. Rad1 b6
20. b4 b5 21. Qxb5 cxb4 22. cxb4 Rb8 23. Qg5 Bg7 24. a3 1-0

[Event "It"]
[Site "Reggio Emilia ITA"]
[Date "2000.12.31"]
[Round "2"]
[White "Bellini,F"]
[Black "Efimov,I"]
[Result "0-1"]
[WhiteElo "2484"]
[BlackElo "2520"]
[EventDate "2000.12.30"]

1. e4 e5 2. Bc4 Nc6 3. d3 Nf6 4. Nf3 Bc5 5. Nc3 O-O 6. a3 h6 7. h3 Re8 8.
g4 Nh7 9. g5 hxg5 10. Rg1 g4 11. hxg4 d6 12. g5 Be6 13. Nd5 Ne7 14. Nf6+
Nxf6 15. Bxe6 Nh7 16. Bb3 g6 17. Rh1 d5 18. Nxe5 Qd6 19. d4 Bxd4 20. Nxf7
Qc5 21. Nh6+ Kg7 22. f4 Ng8 23. Nxg8 Rxe4+ 24. Kf1 Rxg8 25. c3 Qb5+ 26. Kg2
Re2+ 27. Kf3 Nxg5+ 28. fxg5 Rf8+ 29. Bf4 Re3+ 30. Kg2 Rxf4 31. cxd4 Rxb3
32. Rc1 Rf7 33. Rc3 Rxb2+ 34. Kg3 Qd7 35. Rf3 Qd6+ 36. Kh3 Qd7+ 37. Kg3
Qd6+ 38. Kh3 Rxf3+ 39. Qxf3 0-1

[Event "It"]
[Site "Reggio Emilia ITA"]
[Date "2000.12.31"]
[Round "2"]
[White "Zaja,I"]
[Black "Vezzosi,P"]
[Result "1/2-1/2"]
[WhiteElo "2513"]
[BlackElo "2421"]
[EventDate "2000.12.30"]

1. d4 d5 2. c4 e6 3. Nc3 a6 4. cxd5 exd5 5. Bf4 Nc6 6. e3 Bb4 7. Bd3 Nge7
8. Qc2 Bd6 9. Bxd6 Qxd6 10. a3 Bg4 11. Nf3 Bxf3 12. gxf3 h6 13. Ne2 g5 14.
O-O-O O-O-O 15. Kb1 Qf6 16. f4 Rd6 17. Rc1 Ng6 18. f5 Nh4 19. Ng3 Kb8 20.
Be2 Qd8 21. Qa4 Ne7 22. Bg4 f6 23. Rc5 Rc6 24. Rhc1 Qd6 25. Be2 Rxc5 26.
dxc5 Qc6 27. Qg4 h5 28. Nxh5 Nhxf5 29. Bd3 Nh6 30. Qf3 Nhg8 31. h3 Qe6 32.
Bf1 Qf5+ 33. Qxf5 Nxf5 34. Be2 c6 35. Rg1 Rh6 36. f4 Nxe3 37. fxg5 fxg5 38.
Rxg5 Nf6 39. Nxf6 Rxf6 40. Re5 Nc4 41. Re8+ Ka7 42. Kc1 Rf4 43. Re7 1/2-1/2

[Event "It"]
[Site "Reggio Emilia ITA"]
[Date "2000.12.31"]
[Round "2"]
[White "Tomescu,V"]
[Black "Romanishin,O"]
[Result "1/2-1/2"]
[WhiteElo "2432"]
[BlackElo "2591"]
[EventDate "2000.12.30"]

1. e4 e5 2. Nf3 Nc6 3. d4 exd4 4. Nxd4 Bc5 5. Nxc6 Qf6 6. Qd2 dxc6 7. Nc3
Ne7 8. Qf4 Qe6 9. Qxc7 O-O 10. Bd3 Bd6 11. Qa5 b5 12. Ne2 a6 13. Qd2 c5 14.
c3 Bb7 15. O-O Rad8 16. Qe3 Rfe8 17. Bc2 Ng6 18. Ng3 c4 19. a4 b4 20. cxb4
Bxb4 21. f4 Qc8 1/2-1/2

[Event "It"]
[Site "Reggio Emilia ITA"]
[Date "2001.01.01"]
[Round "3"]
[White "Iotti,P"]
[Black "Drei,A"]
[Result "0-1"]
[WhiteElo "2294"]
[BlackElo "2350"]
[EventDate "2000.12.30"]

1. d4 Nf6 2. Nf3 e6 3. c4 Bb4+ 4. Bd2 c5 5. Bxb4 cxb4 6. e3 b6 7. Nbd2 Bb7
8. Be2 O-O 9. O-O d6 10. Ne1 e5 11. Nd3 exd4 12. exd4 a5 13. Bf3 Nc6 14.
Nb3 d5 15. cxd5 Nxd5 16. Ne5 a4 17. Nc1 Re8 18. Re1 Nxe5 19. dxe5 Qd7 20.
Qd4 Rad8 21. Nd3 Qb5 22. Be2 Nc3 23. bxc3 Rxd4 24. cxd4 Qd7 25. Nxb4 Qxd4
26. Nd3 g6 27. Rab1 Rc8 28. Red1 Rc2 29. Ne1 Rd2 30. Nf3 Rxd1+ 31. Rxd1 Qb2
32. Rd2 Qa1+ 33. Bd1 Bxf3 0-1

[Event "It"]
[Site "Reggio Emilia ITA"]
[Date "2001.01.01"]
[Round "3"]
[White "Romanishin,O"]
[Black "Naumkin,I"]
[Result "1-0"]
[WhiteElo "2591"]
[BlackElo "2440"]
[EventDate "2000.12.30"]

1. Nf3 Nf6 2. c4 e6 3. g3 b6 4. Bg2 Bb7 5. Nc3 Be7 6. d4 Ne4 7. Bd2 Bf6 8.
Qc2 Nxd2 9. Qxd2 d6 10. Rd1 Nd7 11. Qc2 g6 12. h4 Bg7 13. h5 a6 14. Kf1 Qe7
15. Nd2 Bxg2+ 16. Kxg2 O-O 17. Nf3 f5 18. hxg6 hxg6 19. Qd2 b5 20. Qe3 c6
21. d5 b4 22. Na4 cxd5 23. cxd5 e5 24. Qg5 Qe8 25. Qh4 Nf6 26. Nb6 Rb8 27.
Nc4 b3 28. axb3 Qd7 29. Qg5 Rxb3 30. Qxg6 f4 31. Rh4 Qe8 32. Qc2 Rb4 33.
Nxd6 Qd7 34. Nc4 e4 35. Nfe5 Qb5 36. Rxf4 Rc8 37. b3 Rxb3 38. Rxf6 Bxf6 39.
Qxe4 Qe8 40. Nd6 1-0

[Event "It"]
[Site "Reggio Emilia ITA"]
[Date "2001.01.01"]
[Round "3"]
[White "Vezzosi,P"]
[Black "Tomescu,V"]
[Result "0-1"]
[WhiteElo "2421"]
[BlackElo "2432"]
[EventDate "2000.12.30"]

1. c4 e5 2. g3 Nc6 3. Bg2 Nf6 4. Nc3 Bc5 5. e3 d5 6. Nxd5 Nxd5 7. cxd5 Nb4
8. Qb3 c6 9. Ne2 Nxd5 10. O-O O-O 11. Qc4 Bb6 12. b3 Be6 13. Qa4 a5 14. Ba3
Re8 15. Nc3 Nf6 16. Rac1 h6 17. h3 Qd7 18. g4 Bc7 19. b4 Nd5 20. Bxd5 Bxd5
21. b5 cxb5 22. Qxb5 Bc6 23. Qe2 b5 24. Nxb5 Bxb5 25. Rxc7 Qxc7 26. Qxb5
Qc2 27. Qd5 Rad8 28. Qxa5 Rxd2 29. Bb4 Rd1 30. Rxd1 Qxd1+ 31. Kg2 h5 32. g5
Qd7 33. e4 Qd4 0-1

[Event "It"]
[Site "Reggio Emilia ITA"]
[Date "2001.01.01"]
[Round "3"]
[White "Efimov,I"]
[Black "Zaja,I"]
[Result "1/2-1/2"]
[WhiteElo "2520"]
[BlackElo "2513"]
[EventDate "2000.12.30"]

1. e4 e5 2. Nf3 Nf6 3. Nxe5 d6 4. Nf3 Nxe4 5. c4 Be7 6. d4 O-O 7. Bd3 d5 8.
O-O Nc6 9. Nc3 Nf6 10. h3 Nb4 11. Be2 dxc4 12. Bxc4 c6 13. a3 Nbd5 14. Re1
h6 15. Ne5 Bf5 16. Qf3 Bh7 17. Qg3 Nh5 18. Qf3 Nhf6 19. Qg3 Nh5 1/2-1/2

[Event "It"]
[Site "Reggio Emilia ITA"]
[Date "2001.01.01"]
[Round "3"]
[White "Costantini,R"]
[Black "Bellini,F"]
[Result "0-1"]
[WhiteElo "2233"]
[BlackElo "2484"]
[EventDate "2000.12.30"]

1. e4 c5 2. Nf3 Nc6 3. d4 cxd4 4. Nxd4 g6 5. c4 Bg7 6. Be3 Nf6 7. Nc3 O-O
8. Be2 b6 9. O-O Bb7 10. Nxc6 Bxc6 11. f3 Nh5 12. Qd2 f5 13. exf5 gxf5 14.
Bg5 Nf6 15. Bd3 e6 16. Rfe1 Qe7 17. Ne2 Qf7 18. Nd4 Rad8 19. Rad1 Rfe8 20.
Bb1 Ba8 21. Qf4 a6 22. Qc7 Rb8 23. Qa7 b5 24. cxb5 axb5 25. Bf4 Rb7 26. Qa5
Nd5 27. Be5 Bf8 28. Kh1 Bb4 29. Qa6 Rb6 30. Qa7 Bxe1 31. Rxe1 d6 32. Qxf7+
Kxf7 33. Bg3 b4 34. Bd3 Nf6 35. Nb5 Rd8 36. Bf2 Rbb8 37. Bg3 e5 38. Nc7
Rdc8 39. Nxa8 Rxa8 40. Bxf5 Rc5 41. a3 bxa3 42. bxa3 Rxa3 43. h3 Rca5 44.
Kh2 Ra1 45. Re3 R5a3 46. Re2 Nh5 47. Bxh7 Rh1+ 0-1

[Event "It"]
[Site "Reggio Emilia ITA"]
[Date "2001.01.02"]
[Round "4"]
[White "Drei,A"]
[Black "Bellini,F"]
[Result "0-1"]
[WhiteElo "2350"]
[BlackElo "2484"]
[EventDate "2000.12.30"]

1. Nf3 g6 2. g3 Bg7 3. Bg2 e5 4. d3 Ne7 5. c4 O-O 6. Nc3 c5 7. h4 h5 8. Rb1
Nbc6 9. O-O d6 10. a3 a5 11. Bd2 Bf5 12. Ng5 f6 13. Nge4 Kh7 14. Nb5 Bxe4
15. Bxe4 f5 16. Bg2 f4 17. Be4 Nf5 18. Kg2 Bh6 19. Rh1 Qd7 20. e3 Nce7 21.
exf4 exf4 22. Bxf4 Bxf4 23. gxf4 d5 24. Bf3 Ra6 25. Nc3 dxc4 26. dxc4 Rd6
27. Qa4 Qd8 28. Ne4 Nd4 29. Nxd6 Qxd6 30. Rbe1 Nxf3 31. Rxe7+ Qxe7 32. Kxf3
Qd6 33. Kg2 Qxf4 34. Qc2 Qg4+ 35. Kf1 Rd8 36. Ke1 Qg2 0-1

[Event "It"]
[Site "Reggio Emilia ITA"]
[Date "2001.01.02"]
[Round "4"]
[White "Tomescu,V"]
[Black "Efimov,I"]
[Result "1/2-1/2"]
[WhiteElo "2432"]
[BlackElo "2520"]
[EventDate "2000.12.30"]

1. e4 e5 2. Nc3 Nf6 3. Bc4 Nc6 4. d3 Bb4 5. Bg5 h6 6. Bxf6 Bxc3+ 7. bxc3
Qxf6 8. Ne2 d6 9. O-O Be6 10. Bb3 O-O 11. d4 Bxb3 12. axb3 a6 13. Qd3 Rfe8
14. f4 exd4 15. Nxd4 Nxd4 16. cxd4 c6 1/2-1/2

[Event "It"]
[Site "Reggio Emilia ITA"]
[Date "2001.01.02"]
[Round "4"]
[White "Naumkin,I"]
[Black "Vezzosi,P"]
[Result "1/2-1/2"]
[WhiteElo "2440"]
[BlackElo "2421"]
[EventDate "2000.12.30"]

1. d4 d5 2. c4 e6 3. Nc3 a6 4. cxd5 exd5 5. Nf3 Nc6 6. Bf4 Bb4 7. Rc1 Nge7
8. e3 Bf5 9. Be2 O-O 10. O-O Qd7 11. Na4 b6 12. a3 Bd6 13. Bg3 Rfc8 14. b4
Nd8 15. Qb3 h6 16. Nc3 Bxg3 17. hxg3 Qd6 18. Rfd1 Ne6 19. Ne1 Ng5 20. Nd3
Bxd3 21. Bxd3 c6 22. Na4 Rcb8 23. Rd2 Qe6 24. Nc3 Rc8 25. Rdc2 Qd6 26. Ne2
a5 27. bxa5 Rxa5 28. Qxb6 Rxa3 29. Rc3 Rxc3 30. Nxc3 Rb8 31. Qa7 Ne6 32.
Be2 Rb3 33. Bg4 Ng5 34. Qa8+ Kh7 35. Qa6 Qb4 36. Na2 Qd2 37. Qe2 1/2-1/2

[Event "It"]
[Site "Reggio Emilia ITA"]
[Date "2001.01.02"]
[Round "4"]
[White "Iotti,P"]
[Black "Romanishin,O"]
[Result "0-1"]
[WhiteElo "2294"]
[BlackElo "2591"]
[EventDate "2000.12.30"]

1. d4 Nf6 2. Nf3 g6 3. g3 Bg7 4. Bg2 d5 5. c4 dxc4 6. Qa4+ Nfd7 7. O-O Nc6
8. Qxc4 O-O 9. Rd1 Nb6 10. Qd3 Bf5 11. e4 Bg4 12. Be3 e5 13. d5 Nd4 14.
Bxd4 exd4 15. h3 Bxf3 16. Bxf3 Qd7 17. Kg2 c6 18. dxc6 Qxc6 19. Na3 Nd7 20.
Rac1 Qf6 21. Nc4 Rad8 22. a4 Qa6 23. Qa3 h5 24. h4 Rc8 25. Qb4 Bh6 26. Rc2
Ne5 27. Be2 Qe6 28. f3 b6 29. b3 Rfd8 30. Bd3 Nc6 31. Qe1 Bf8 32. Re2 Nb4
33. f4 a6 34. Qf2 b5 35. axb5 axb5 36. Ne5 Qxb3 37. Rb1 Nxd3 38. Rxb3 Nxf2
39. Kxf2 b4 40. Rd2 Rc3 41. Rb1 b3 42. Nd3 Ra8 43. Nc1 Ba3 44. Nxb3 Rb8 45.
Rxd4 Rbxb3 46. Rxb3 Rxb3 47. Rd5 Rc3 48. f5 Kg7 49. fxg6 fxg6 50. Ra5 Bd6
51. e5 Bc7 0-1

[Event "It"]
[Site "Reggio Emilia ITA"]
[Date "2001.01.03"]
[Round "5"]
[White "Romanishin,O"]
[Black "Drei,A"]
[Result "1-0"]
[WhiteElo "2591"]
[BlackElo "2350"]
[EventDate "2000.12.30"]

1. Nf3 Nf6 2. c4 e6 3. g3 b6 4. Bg2 Bb7 5. O-O Be7 6. d4 O-O 7. Nc3 Ne4 8.
Bd2 f5 9. Qc2 Nxc3 10. Bxc3 Be4 11. Qd2 Bf6 12. Ne1 Bxg2 13. Nxg2 d5 14.
Qd3 Qd7 15. cxd5 exd5 16. Rac1 Nc6 17. Rc2 Nd8 18. Rfc1 Ne6 19. b4 Be7 20.
Bd2 Rac8 21. Nf4 Nxf4 22. Bxf4 Bd6 23. Bxd6 Qxd6 24. e3 h5 25. h4 Rf7 26.
b5 Qg6 27. Kg2 Qe6 28. Qe2 Qe4+ 29. Qf3 Re7 30. Rc6 Kf7 31. R1c3 Rd7 32.
Ra3 Ra8 33. Ra6 g6 34. Rc3 Ke6 35. Rca3 Qc2 36. Rxa7 Rxa7 37. Rxa7 Qc4 38.
Qf4 Qxb5 39. Qh6 Kf7 40. Ra8 Re7 41. Rf8+ 1-0

[Event "It"]
[Site "Reggio Emilia ITA"]
[Date "2001.01.03"]
[Round "5"]
[White "Efimov,I"]
[Black "Naumkin,I"]
[Result "1-0"]
[WhiteElo "2520"]
[BlackElo "2440"]
[EventDate "2000.12.30"]

1. e4 c5 2. Nf3 Nf6 3. Nc3 d6 4. d4 cxd4 5. Nxd4 e6 6. g4 Nc6 7. g5 Nd7 8.
Rg1 Be7 9. Rg3 O-O 10. Be3 a6 11. Qe2 Nxd4 12. Bxd4 Re8 13. Qh5 b5 14.
O-O-O Nf8 15. Rdd3 b4 16. Bxg7 bxc3 17. Rdf3 Ng6 18. Bxc3 Rf8 19. Bf6 Qa5
20. b4 Qxb4 21. Rh3 Qe1+ 22. Kb2 Qb4+ 23. Kc1 Qe1+ 24. Kb2 Qb4+ 25. Rb3
Bxf6+ 26. gxf6 Qd4+ 27. Rbc3 Rb8+ 28. Kc1 1-0

[Event "It"]
[Site "Reggio Emilia ITA"]
[Date "2001.01.03"]
[Round "5"]
[White "Costantini,R"]
[Black "Tomescu,V"]
[Result "1-0"]
[WhiteElo "2233"]
[BlackElo "2432"]
[EventDate "2000.12.30"]

1. e4 c5 2. Nf3 Nc6 3. d4 cxd4 4. Nxd4 Nf6 5. Nc3 d6 6. f3 e6 7. Be3 a6 8.
Qd2 Qc7 9. O-O-O b5 10. Nxc6 Qxc6 11. Kb1 Bb7 12. g4 Be7 13. h4 Nd7 14. Ne2
Ne5 15. Nd4 Nc4 16. Qf2 Qc5 17. Bxc4 Qxc4 18. g5 g6 19. Nb3 Qc7 20. Bb6 Qd7
21. Rhe1 O-O 22. f4 Rfe8 23. h5 Bf8 24. Qh4 Rac8 25. Rd2 Rc4 26. Bd4 e5 27.
fxe5 dxe5 28. Bxe5 Qe7 29. hxg6 fxg6 30. Rh2 Bxe4 31. Nd4 Bf3 32. b3 Rxd4
33. Qxd4 Bg7 34. Qf2 Bb7 35. Bg3 Qd7 36. Rxe8+ Qxe8 37. Qe2 Be4 38. Rh4 Bc6
39. Qxe8+ Bxe8 1-0

[Event "It"]
[Site "Reggio Emilia ITA"]
[Date "2001.01.04"]
[Round "6"]
[White "Drei,A"]
[Black "Zaja,I"]
[Result "1/2-1/2"]
[WhiteElo "2350"]
[BlackElo "2513"]
[EventDate "2000.12.30"]

1. e4 e5 2. Nf3 Nc6 3. d4 exd4 4. Nxd4 Nf6 5. Nxc6 bxc6 6. e5 Qe7 7. Qe2
Nd5 8. c4 Nb6 9. g3 g6 10. b3 Bg7 11. Bb2 O-O 12. Nd2 d6 13. Bg2 dxe5 14.
O-O Rb8 15. Rfe1 Rd8 16. Nf3 Bg4 17. Bxe5 Bxf3 18. Bxf3 Re8 19. Bxg7 Qxe2
20. Rxe2 Rxe2 21. Bxe2 Kxg7 22. Rd1 c5 23. f4 Kf6 24. Kf2 h5 25. h3 a5 26.
Bf3 Re8 27. g4 hxg4 28. hxg4 Re6 29. Bd5 Rd6 30. g5+ Kg7 31. Rd3 Kf8 32.
Kf3 Kg7 33. Kg4 f5+ 34. gxf6+ Kxf6 35. Be4 Rxd3 36. Bxd3 Nc8 37. Bc2 Nd6
38. Bd3 1/2-1/2

[Event "It"]
[Site "Reggio Emilia ITA"]
[Date "2001.01.04"]
[Round "6"]
[White "Tomescu,V"]
[Black "Bellini,F"]
[Result "1/2-1/2"]
[WhiteElo "2432"]
[BlackElo "2484"]
[EventDate "2000.12.30"]

1. e4 e5 2. Nf3 d6 3. d4 exd4 4. Nxd4 Nf6 5. Nc3 Be7 6. Bf4 O-O 7. Qd2 Nc6
8. O-O-O Nxd4 9. Qxd4 Be6 10. f3 Nd7 11. Kb1 Bf6 12. Qd2 a6 13. g4 b5 14.
Be3 g6 15. h4 b4 16. Nd5 Bxd5 17. Qxd5 Nb6 18. Bxb6 cxb6 19. g5 Be5 20. Qd2
b5 21. f4 Bg7 22. Bg2 Rc8 23. Qxd6 Qxd6 24. Rxd6 Rfd8 25. Rhd1 Rxd6 26.
Rxd6 Bf8 27. Rd7 Bc5 28. f5 Bf2 29. h5 Be3 30. hxg6 hxg6 31. f6 Rc5 32. e5
Rxe5 33. Bd5 Bxg5 34. c4 bxc3 35. Bxf7+ Kf8 36. Bxg6 Re1+ 37. Kc2 Re2+ 38.
Kd1 Rd2+ 1/2-1/2

[Event "It"]
[Site "Reggio Emilia ITA"]
[Date "2001.01.04"]
[Round "6"]
[White "Iotti,P"]
[Black "Efimov,I"]
[Result "0-1"]
[WhiteElo "2294"]
[BlackElo "2520"]
[EventDate "2000.12.30"]

1. Nf3 c5 2. c4 Nc6 3. g3 e5 4. d3 Nge7 5. Nc3 d5 6. cxd5 Nxd5 7. Bg2 Nc7
8. O-O Be7 9. Nd2 O-O 10. Bxc6 bxc6 11. b3 Bh3 12. Re1 f5 13. Bb2 Ne6 14.
Rc1 Bg5 15. e3 f4 16. Nc4 fxe3 17. fxe3 Nd4 18. Nxe5 Qf6 19. Ne4 Qxe5 20.
Nxg5 Qd5 21. Nxh3 Nf3+ 22. Kf2 Nxe1+ 23. Kxe1 Qh1+ 24. Kd2 Qxh2+ 0-1

[Event "It"]
[Site "Reggio Emilia ITA"]
[Date "2001.01.04"]
[Round "6"]
[White "Romanishin,O"]
[Black "Vezzosi,P"]
[Result "1-0"]
[WhiteElo "2591"]
[BlackElo "2421"]
[EventDate "2000.12.30"]

1. Nf3 d6 2. d4 Bg4 3. Nbd2 c6 4. h3 Bh5 5. g3 Nd7 6. Bg2 Ngf6 7. O-O d5 8.
Re1 e6 9. e4 dxe4 10. Nxe4 Be7 11. c3 O-O 12. Nxf6+ Bxf6 13. Qb3 Qb6 14.
Be3 Bg6 15. Nd2 Qc7 16. Bf4 Qb6 17. Nc4 Qa6 18. a4 Bd3 19. Nd6 g5 20. Be5
Rab8 21. c4 Bg6 22. Qc3 c5 23. Bxf6 Qxd6 24. dxc5 Qxc5 25. Bd4 Qc7 26. Bxa7
Rbc8 27. Be3 f6 28. a5 Rf7 29. b3 1-0

[Event "It"]
[Site "Reggio Emilia ITA"]
[Date "2001.01.05"]
[Round "7"]
[White "Vezzosi,P"]
[Black "Drei,A"]
[Result "1-0"]
[WhiteElo "2421"]
[BlackElo "2350"]
[EventDate "2000.12.30"]

1. c4 e5 2. g3 Nf6 3. Bg2 d5 4. cxd5 Nxd5 5. Nc3 Nb6 6. Nf3 Nc6 7. d3 Be7
8. O-O O-O 9. Be3 Re8 10. Ne4 Bf8 11. Rc1 Nd4 12. Nc5 c6 13. Bxd4 exd4 14.
Nb3 Bg4 15. Nbxd4 Qf6 16. Rc2 Rad8 17. Nb3 Nd5 18. a3 Nc7 19. Re1 Ne6 20.
Nbd2 Qh6 21. Rc4 f5 22. Qb3 Rb8 23. e3 Qf6 24. Nd4 Kh8 25. Nxe6 Qxe6 26.
Ra4 Qd7 27. Rc1 a6 28. Rd4 Qc7 29. Qc2 Be7 30. b4 Bh5 31. Nb3 Bf6 32. Rc4
Bf7 33. Rc5 Rbd8 34. d4 Qd7 35. Rc3 g6 36. a4 Qd6 37. Nc5 Rb8 38. b5 axb5
39. axb5 cxb5 40. Nxb7 Qb6 41. Rc6 Qxb7 42. Rxf6 Qe7 43. Rc6 b4 44. Rc7 b3
45. Qb2 Qf6 46. R1c6 Re6 47. Rc8+ Rxc8 48. Rxc8+ Kg7 49. Qxb3 Qxd4 50. Bd5
Qa1+ 51. Kg2 Re7 52. Bxf7 Rxf7 53. Qb8 Qf6 54. h4 h6 55. Rh8 Qc6+ 56. Kh2
Qc2 57. Qe5+ Rf6 58. Qd4 Kxh8 59. Qxf6+ Kh7 60. Qe7+ Kh8 61. Qd8+ Kg7 62.
Qd4+ Kh7 63. Qd7+ Kh8 64. Qe8+ Kg7 65. Kg2 Qd3 66. h5 Qd5+ 67. Kh2 gxh5 68.
Qxh5 Qe5 69. Qh4 Qe6 70. Qd4+ Kh7 71. Qf4 Kg6 72. Kh3 Qc6 73. Kh2 Qe6 74.
Qf3 Qc4 75. Kh3 Qf1+ 76. Kh4 Qd3 77. g4 fxg4 78. Qxg4+ Kh7 79. Qf4 Qd1 80.
Qf5+ Kh8 81. Qe5+ Kh7 82. Qe4+ Kg8 83. Qg4+ 1-0

[Event "It"]
[Site "Reggio Emilia ITA"]
[Date "2001.01.05"]
[Round "7"]
[White "Efimov,I"]
[Black "Romanishin,O"]
[Result "0-1"]
[WhiteElo "2520"]
[BlackElo "2591"]
[EventDate "2000.12.30"]

1. e4 e5 2. Nf3 Nc6 3. d4 exd4 4. Nxd4 Bc5 5. Nb3 Bb4+ 6. Bd2 a5 7. a3 Be7
8. Be3 Bf6 9. Nd4 Nxd4 10. Bxd4 d5 11. e5 Be7 12. c4 c5 13. cxd5 cxd4 14.
Qxd4 Nh6 15. Nc3 O-O 16. Bc4 Nf5 17. Qd3 Qc7 18. f4 Qc5 19. Bb5 Ne3 20. Na4
Nxg2+ 21. Kf1 Ne3+ 22. Ke2 Bg4+ 23. Kd2 Qxd5 24. Nb6 Qg2+ 0-1

[Event "It"]
[Site "Reggio Emilia ITA"]
[Date "2001.01.05"]
[Round "7"]
[White "Costantini,R"]
[Black "Iotti,P"]
[Result "1/2-1/2"]
[WhiteElo "2233"]
[BlackElo "2294"]
[EventDate "2000.12.30"]

1. e4 e6 2. d4 d5 3. Nc3 Bb4 4. e5 c5 5. a3 Bxc3+ 6. bxc3 Qc7 7. Nf3 b6 8.
Bb5+ Bd7 9. Bd3 Ba4 10. O-O c4 11. Be2 Ne7 12. h4 Nbc6 13. h5 h6 14. Nh4
O-O-O 15. Bg4 Rdg8 16. g3 g6 17. hxg6 Nxg6 18. Ng2 h5 19. Bh3 h4 20. g4
Ncxe5 21. dxe5 Qxe5 22. Bd2 Qg7 23. f4 Nf8 24. Rc1 Nd7 25. Be3 Qxc3 26. Rf3
Qa5 27. Bd4 Rh7 28. g5 Nc5 29. Bc3 Qb5 30. Qxd5 Qc6 31. Qxc6+ Bxc6 32. Re3
Rd8 33. f5 Rg8 34. fxe6 fxe6 35. Rxe6 Kb7 36. Rh6 Rf7 37. Bf6 Ne4 38. Be6
Nxf6 39. Bxf7 Rxg5 40. Rxf6 Rxg2+ 41. Kf1 h3 42. Rxc6 Kxc6 43. Bxc4 Kc5 44.
Bd3 Rg4 45. Kf2 Ra4 46. Ra1 Kd4 47. Kg3 Kc3 48. Ra2 a6 49. Ra1 b5 50. Rf1
Rxa3 51. Rf4 Ra2 52. Rf6 b4 53. Rc6+ Kd2 54. Rb6 a5 55. Kxh3 Rb2 56. Ra6
Ra2 57. Rb6 Ra3 58. Kg2 b3 59. cxb3 Kxd3 60. Rb5 Kc2 61. Kf2 1/2-1/2

[Event "It"]
[Site "Reggio Emilia ITA"]
[Date "2001.01.06"]
[Round "8"]
[White "Iotti,P"]
[Black "Bellini,F"]
[Result "0-1"]
[WhiteElo "2294"]
[BlackElo "2484"]
[EventDate "2000.12.30"]

1. d4 g6 2. g3 Bg7 3. Bg2 c5 4. c3 Qa5 5. Nf3 cxd4 6. Nxd4 Nf6 7. O-O O-O
8. e4 d6 9. h3 Nc6 10. Be3 Bd7 11. Nd2 Rac8 12. Re1 Rfe8 13. Kh2 Ne5 14.
Qe2 b5 15. N2b3 Qa4 16. Nd2 a6 17. f4 Nc6 18. e5 dxe5 19. Nxc6 Bxc6 20.
Bxc6 Rxc6 21. fxe5 Nd5 22. Bd4 Qa5 23. Qf3 e6 24. Ne4 Qc7 25. a4 Rb8 26.
Nd6 bxa4 27. c4 Rb3 28. Qf1 Nb4 29. Re2 Nd3 30. Rd1 Nxe5 31. Rxe5 Rxd6 32.
Rc5 Rxb2+ 33. Bxb2 Qxc5 34. Rxd6 Qxd6 35. Bxg7 Kxg7 36. Qa1+ e5 37. Qxa4 e4
38. Qe8 Qd4 39. c5 e3 40. c6 Qb2+ 0-1

[Event "It"]
[Site "Reggio Emilia ITA"]
[Date "2001.01.06"]
[Round "8"]
[White "Vezzosi,P"]
[Black "Efimov,I"]
[Result "1/2-1/2"]
[WhiteElo "2421"]
[BlackElo "2520"]
[EventDate "2000.12.30"]

1. d4 Nf6 2. c4 e6 3. Nf3 b6 4. g3 Ba6 5. b3 c6 6. Bg2 d5 7. O-O Nbd7 8.
Nbd2 Rc8 9. Bb2 Be7 10. Re1 O-O 11. e4 c5 12. e5 Ne8 13. cxd5 exd5 14. Bh3
Nc7 15. Nf1 c4 16. bxc4 Bxc4 17. a3 Ne6 18. Ne3 b5 19. Nf5 Nb8 20. Nd2 Nc6
21. Qg4 Kh8 22. Re3 g6 23. Nh6 Qe8 24. Nxf7+ Qxf7 25. Rf3 Qf5 26. Rxf5 gxf5
27. Qd1 Ncxd4 28. Bxd4 Nxd4 29. Nxc4 Rxc4 30. Bf1 Bc5 31. Bxc4 dxc4 32. Kg2
f4 33. Qh5 f3+ 34. Kh3 c3 35. e6 Rf5 36. Qe8+ Kg7 37. Qd7+ Kg6 38. g4 Re5
39. Qf7+ Kg5 40. Qg7+ Kf4 41. Qf6+ Ke4 42. Re1+ Ne2 43. g5 Bxf2 44. Rf1 c2
45. Kg4 Bc5 46. Qxf3+ Kd4 47. Qb3 c1=Q 48. Rxc1 Nxc1 49. Qb2+ Kd5 50. Qxc1
Rxe6 51. Qd1+ Kc6 52. Kf5 Re3 53. a4 b4 54. Qf1 b3 55. Qg2+ Kd6 56. Qd2+
Kc6 57. h4 Rf3+ 58. Ke6 Re3+ 59. Kf5 Rf3+ 1/2-1/2

[Event "It"]
[Site "Reggio Emilia ITA"]
[Date "2001.01.07"]
[Round "9"]
[White "Costantini,R"]
[Black "Vezzosi,P"]
[Result "1/2-1/2"]
[WhiteElo "2233"]
[BlackElo "2421"]
[EventDate "2000.12.30"]

1. e4 g6 2. d4 Bg7 3. Nf3 c6 4. h3 d5 5. Nbd2 Nh6 6. c3 O-O 7. Bd3 f6 8.
O-O Nf7 9. exd5 cxd5 10. c4 e6 11. Re1 Nc6 12. cxd5 exd5 13. Qb3 Qd6 14.
Nb1 Rd8 15. Nc3 Na5 16. Qb5 Nc6 17. Bd2 Bf8 18. Rac1 Ne7 19. Bc2 Bd7 20.
Qe2 Rac8 21. Bb3 Bc6 22. Qd3 Qd7 23. Bf4 Kh8 24. Nh2 Nd6 25. Ng4 Bg7 26.
Ne3 Bb5 27. Nxb5 Nxb5 28. a4 Nc7 29. Bxc7 Rxc7 30. Rxc7 Qxc7 31. Qb5 Qc6
32. Qa5 Qb6 33. Qxb6 axb6 34. Nxd5 Nxd5 35. Bxd5 f5 36. Bxb7 Bxd4 37. b3
Bc5 38. Ba6 Kg7 39. Bc4 h5 40. g3 h4 41. Kg2 Rd2 42. Re2 1/2-1/2

[Event "It"]
[Site "Reggio Emilia ITA"]
[Date "2001.01.07"]
[Round "9"]
[White "Zaja,I"]
[Black "Iotti,P"]
[Result "1-0"]
[WhiteElo "2513"]
[BlackElo "2294"]
[EventDate "2000.12.30"]

1. d4 Nf6 2. c4 e6 3. Nf3 b6 4. Nc3 Bb7 5. Bg5 d5 6. cxd5 exd5 7. Qa4+ c6
8. Bxf6 gxf6 9. g3 Nd7 10. Bh3 a5 11. O-O Bb4 12. e4 Bxc3 13. exd5 Bxd4 14.
Qxd4 c5 15. Rfe1+ Kf8 16. Qf4 1-0

[Event "It"]
[Site "Reggio Emilia ITA"]
[Date "2001.01.07"]
[Round "9"]
[White "Tomescu,V"]
[Black "Naumkin,I"]
[Result "1/2-1/2"]
[WhiteElo "2432"]
[BlackElo "2440"]
[EventDate "2000.12.30"]

1. e4 e5 2. Nf3 Nc6 3. Bb5 a6 4. Ba4 Nf6 5. O-O Nxe4 6. d4 b5 7. Bb3 d5 8.
dxe5 Be6 9. c3 Nc5 10. Be3 Qd7 11. Re1 Rd8 12. Bxc5 Bxc5 13. Nd4 Nxd4 14.
cxd4 Bb6 15. Nc3 c5 16. dxc5 Bxc5 17. Rc1 1/2-1/2